[Event "Chigorin Memorial 2019"]
[Site "St Petersburg RUS"]
[Date "2019.10.05"]
[Round "1.71"]
[White "Biriukov, Ilja"]
[Black "Loktionov, Kirill"]
[Result "0-1"]
[WhiteTitle "IM"]
[WhiteElo "2349"]
[BlackElo "1866"]
[WhiteFideId "4113373"]
[BlackFideId "54120403"]
[EventDate "2019.10.05"]

1. d4 d5 2. c4 e6 3. Nf3 c5 4. cxd5 exd5 5. g3 Nf6 6. Bg2 Be7 7. O-O O-O 8. dxc5
Bxc5 9. Qc2 Bb6 10. Nc3 Be6 11. Na4 Nc6 12. Bg5 h6 13. Nxb6 axb6 14. Bf4 d4 15.
a3 Nd5 16. Bd2 Qf6 17. Qe4 Rad8 18. g4 Rfe8 19. g5 Qf5 20. Qh4 Qg4 21. gxh6 Qxh4
22. Nxh4 Bg4 23. f3 Rxe2 24. Rf2 Rxf2 25. Kxf2 Be6 26. Re1 Ne3 27. Bxe3 dxe3+
28. Rxe3 gxh6 29. f4 Rd2+ 30. Re2 Rd4 31. Ke3 Bc4 32. Bxc6 Rd3+ 33. Ke4 bxc6 34.
Nf5 Rd7 35. Ke5 Bxe2 0-1

[Event "Chigorin Memorial 2019"]
[Site "St Petersburg RUS"]
[Date "2019.10.05"]
[Round "1.72"]
[White "Shinkarov, Artem"]
[Black "Gevorgyan, David Sh."]
[Result "1/2-1/2"]
[BlackTitle "IM"]
[WhiteElo "1845"]
[BlackElo "2336"]
[WhiteFideId "54153867"]
[BlackFideId "13303244"]
[EventDate "2019.10.05"]

1. d4 Nf6 2. c4 e6 3. Nc3 Bb4 4. e3 d5 5. a3 Bxc3+ 6. bxc3 O-O 7. cxd5 exd5 8.
Bd3 b6 9. Ne2 Ba6 10. O-O c5 11. f3 Re8 12. Ng3 Bxd3 13. Qxd3 Nc6 14. Bb2 c4 15.
Qd2 Re6 16. Rae1 Qe7 17. Qf2 Rf8 18. Re2 Qd7 19. e4 Ne7 20. Bc1 Ne8 21. Nh5 f5
22. Nf4 fxe4 23. Nxe6 Qxe6 24. Qe1 Nd6 25. a4 Rf6 26. Ba3 Nec8 27. fxe4 Rxf1+
28. Qxf1 dxe4 29. Qf4 h6 30. h3 Kh7 31. Qe5 Qg6 32. Kh2 h5 33. Rf2 a6 34. Rf4
Qh6 35. Bc1 b5 36. axb5 axb5 37. Be3 Qg6 38. d5 Kg8 39. Bd4 Kh7 40. g4 h4 41. g5
e3 42. Qxe3 Nf5 43. Qf2 Ncd6 44. Bc5 Kg8 45. Bxd6 Qxd6 46. Kg1 g6 1/2-1/2

[Event "Chigorin Memorial 2019"]
[Site "St Petersburg RUS"]
[Date "2019.10.05"]
[Round "1.73"]
[White "Askerov, Marat"]
[Black "Novozhilov, Semen"]
[Result "1-0"]
[WhiteTitle "FM"]
[WhiteElo "2334"]
[BlackElo "1786"]
[WhiteFideId "24175200"]
[BlackFideId "24289167"]
[EventDate "2019.10.05"]

1. d4 Nf6 2. c4 c5 3. d5 b5 4. Nd2 g6 5. b3 Bg7 6. Bb2 O-O 7. e4 d6 8. Ngf3 e5
9. cxb5 Nh5 10. Nc4 f5 11. Nfd2 Nf6 12. Bd3 f4 13. Bc3 g5 14. b4 cxb4 15. Bxb4
Ne8 16. a4 g4 17. Be2 f3 18. gxf3 gxf3 19. Bxf3 Qf6 20. Qe2 Nd7 21. Bg4 Nb6 22.
Ne3 Bxg4 23. Nxg4 Qf4 24. a5 Nd7 25. Rc1 h5 26. Ne3 Ndf6 27. Nf5 Nxe4 28. Nxg7
Nxg7 29. Qxe4 Qxf2+ 30. Kd1 Rf4 31. Qg6 Rg4 32. Qxd6 Rg1+ 33. Kc2 Rc8+ 34. Bc3
Rg2 35. Rhd1 Qf5+ 36. Kb2 Qd3 37. Qb4 Rc4 38. Qb3 Rc5 39. d6+ Kh7 40. Qc2 Rxb5+
41. Ka2 Qxc2+ 42. Rxc2 Rd5 43. Bb4 e4 44. Rdc1 e3 45. Ne4 Rg6 46. Kb3 Ne6 47.
Rc7+ Kh6 48. Re7 e2 49. Bd2+ Rxd2 50. Nxd2 1-0

[Event "Chigorin Memorial 2019"]
[Site "St Petersburg RUS"]
[Date "2019.10.05"]
[Round "1.74"]
[White "Dushin, Nikolay"]
[Black "Maltsevskaya, Aleksandra"]
[Result "0-1"]
[BlackTitle "WGM"]
[WhiteElo "1856"]
[BlackElo "2333"]
[WhiteFideId "4114612"]
[BlackFideId "24174041"]
[EventDate "2019.10.05"]

1. d4 Nf6 2. Bg5 Ne4 3. Bf4 c5 4. f3 Qa5+ 5. c3 Nf6 6. d5 e6 7. e4 exd5 8. exd5
d6 9. Na3 Be7 10. Qd2 O-O 11. Rd1 Re8 12. Kf2 a6 13. g4 Bxg4 14. Bd3 Bh5 15. c4
Qxd2+ 16. Rxd2 Bg6 17. Bxg6 hxg6 18. Ne2 Nh5 19. Bg3 Nd7 20. Nc3 f5 21. Kg2 Bg5
22. Rdd1 Ne5 23. Rhe1 Bf6 24. Ne2 Re7 25. Nf4 Nxf4+ 26. Bxf4 Nd3 27. Rxd3 Rxe1
28. Bxd6 Bd4 29. Rd2 Rg1+ 30. Kh3 Kf7 31. Rg2 Rf1 32. Kg3 g5 33. Nc2 Bf6 34. Rd2
Rb1 35. b3 Re8 36. Bxc5 Bc3 37. Rd3 Be5+ 38. Kg2 Bxh2 39. Nd4 Rb2+ 40. Kf1 Bg3
41. Rd1 f4 42. Ne6 Rh8 43. Bg1 Rh1 44. Nxg5+ Kg6 45. Ne4 Bh2 0-1

[Event "Chigorin Memorial 2019"]
[Site "St Petersburg RUS"]
[Date "2019.10.05"]
[Round "1.75"]
[White "Tsoi, Dmitry"]
[Black "Erokhin, Artem"]
[Result "1-0"]
[WhiteTitle "FM"]
[WhiteElo "2329"]
[BlackElo "1851"]
[WhiteFideId "24194697"]
[BlackFideId "44153414"]
[EventDate "2019.10.05"]

1. b4 d5 2. Bb2 Nf6 3. e3 Bf5 4. f4 e6 5. a3 Nbd7 6. Nf3 Bd6 7. Be2 O-O 8. O-O
Re8 9. Ne5 h5 10. Bxh5 Nxh5 11. Qxh5 Bxe5 12. fxe5 Bg6 13. Qd1 Qg5 14. Rf4 c5
15. bxc5 Nxc5 16. Bd4 Rac8 17. d3 Rc7 18. Nc3 a6 19. h4 Qe7 20. h5 Bh7 21. h6 g6
22. Qg4 Qf8 23. Raf1 Ree7 24. Qg5 Nd7 25. Nxd5 exd5 26. e6 1-0

[Event "Chigorin Memorial 2019"]
[Site "St Petersburg RUS"]
[Date "2019.10.05"]
[Round "1.76"]
[White "Smorodkin, Kirill"]
[Black "Mnatsakanian, Arsen"]
[Result "0-1"]
[WhiteElo "1848"]
[BlackElo "2321"]
[WhiteFideId "44176678"]
[BlackFideId "24189820"]
[EventDate "2019.10.05"]

1. e4 c5 2. Nf3 e6 3. d4 cxd4 4. Nxd4 Nf6 5. Nc3 Bb4 6. e5 Nd5 7. Qg4 Nxc3 8. a3
Qa5 9. Qxg7 Rf8 10. Bh6 Be7 11. Bd2 Qd5 12. Bxc3 Qe4+ 13. Be2 Nc6 14. Nb5 Kd8
15. Nd6 Qxc2 16. Rd1 Qg6 17. Qxg6 fxg6 18. O-O b6 19. Bf3 Bxd6 20. Rxd6 Kc7 21.
Rc1 Bb7 22. b4 b5 23. Bd4 a6 24. Bc5 Nxe5 25. Bxb7 Kxb7 26. Re1 Rf5 27. f4 Nf7
28. Rxd7+ Kc6 29. Re7 Rxf4 30. R7xe6+ Kd5 31. R6e3 Rd8 32. Be7 Rc8 33. Bc5 Rd8
34. Re7 Kc4 35. R7e3 Rd2 36. Rc1+ Kd5 37. Re7 Ra2 38. Be3 Rf5 39. g4 Rf3 40.
Rd7+ Ke6 41. Rd3 Ne5 42. Rdc3 Rf7 43. R1c2 Rxc2 44. Rxc2 Nxg4 45. Bc5 Ne5 46.
Kg2 Rf3 47. Re2 Rd3 48. Ra2 Nc4 49. a4 Rd2+ 50. Rxd2 Nxd2 51. axb5 axb5 52. Bf8
Kd5 53. Kf2 Kc4 54. Ke2 Ne4 55. Kd1 Nc3+ 56. Kc2 Nd5 0-1

[Event "Chigorin Memorial 2019"]
[Site "St Petersburg RUS"]
[Date "2019.10.05"]
[Round "1.77"]
[White "Goltseva, Ekaterina"]
[Black "Serov, Aleksandr"]
[Result "1-0"]
[WhiteTitle "FM"]
[WhiteElo "2317"]
[BlackElo "1826"]
[WhiteFideId "24173770"]
[BlackFideId "34177261"]
[EventDate "2019.10.05"]

1. Nf3 Nf6 2. g3 b6 3. Bg2 Bb7 4. O-O e6 5. c4 c5 6. Nc3 Be7 7. d4 cxd4 8. Qxd4
d6 9. Bg5 O-O 10. Rfd1 Nbd7 11. Rac1 h6 12. Bxf6 Nxf6 13. e4 Qc8 14. b3 Rd8 15.
Qe3 Qc5 16. Qe2 Rd7 17. Nd4 Ne8 18. Bh3 Nc7 19. Nd5 a5 20. a3 exd5 21. cxd5 Qxa3
22. Bxd7 Na6 23. Ba4 Nc5 24. Qc2 Bg5 25. Nb5 1-0

[Event "Chigorin Memorial 2019"]
[Site "St Petersburg RUS"]
[Date "2019.10.05"]
[Round "1.78"]
[White "Klevets, Ksenia"]
[Black "Goltsev, Dmitry"]
[Result "0-1"]
[BlackTitle "FM"]
[WhiteElo "1842"]
[BlackElo "2309"]
[WhiteFideId "24157937"]
[BlackFideId "24176710"]
[EventDate "2019.10.05"]

1. e4 c5 2. Nf3 e6 3. d4 cxd4 4. Nxd4 a6 5. c4 Qc7 6. a3 Nf6 7. Nc3 Nc6 8. Be3
Ne5 9. f3 b6 10. Be2 h5 11. Rc1 Bb7 12. Qd2 Ng6 13. b4 Be7 14. Nb3 d6 15. O-O
O-O 16. Rfd1 Ne5 17. Na4 Nfd7 18. Qd4 Nc6 19. Qd2 Nce5 20. Bf1 Bc6 21. Nc3 Qb8
22. Qf2 Rc8 23. Nd4 Bb7 24. Na4 Bd8 25. Kh1 Nf6 26. Nb3 b5 27. cxb5 axb5 28.
Bxb5 Rxc1 29. Rxc1 Bxe4 30. Qe2 Bd5 31. Nd4 Qb7 32. Bf4 Nfd7 33. Nc3 Rxa3 34.
Bxd7 Nxd7 35. Bxd6 Bg5 36. Rc2 Qb6 37. Ndb5 Bc4 38. Qd1 Bxb5 39. Nxb5 Qxb5 40.
Rc8+ Kh7 41. f4 Bf6 42. Be5 g6 43. Bxf6 Nxf6 44. h3 Qd5 45. Qc1 Rxh3+ 0-1

[Event "Chigorin Memorial 2019"]
[Site "St Petersburg RUS"]
[Date "2019.10.05"]
[Round "1.79"]
[White "Iliaguev, Nisim"]
[Black "Ismagilov, Igor"]
[Result "1-0"]
[WhiteTitle "FM"]
[WhiteElo "2310"]
[BlackElo "1835"]
[WhiteFideId "2817276"]
[BlackFideId "44100507"]
[EventDate "2019.10.05"]

1. d4 c5 2. d5 g6 3. e4 Bg7 4. Nc3 d6 5. f4 Nf6 6. Bb5+ Bd7 7. e5 Ng8 8. Qe2
Bxb5 9. Qxb5+ Qd7 10. Nf3 Na6 11. Qxd7+ Kxd7 12. Bd2 Nc7 13. O-O-O b5 14. Be3
Nh6 15. h3 Nf5 16. Bf2 h5 17. Kb1 Raf8 18. Rhe1 f6 19. Ne4 Bh6 20. g4 Nd4 21.
Nxd4 cxd4 22. exf6 exf6 23. Bxd4 Nxd5 24. g5 Bg7 25. gxf6 Bxf6 26. Bxf6 Nxf6 27.
Nxd6 Kc6 28. Re6 Kd7 29. Re5 Kc6 30. Nxb5 Rd8 31. Nd4+ Kb7 32. Re7+ Rd7 33.
Rxd7+ Nxd7 34. Nf3 Kc7 35. Nh4 Rg8 36. Rg1 Nf8 37. a4 Kd6 38. Rg5 Ke7 39. Ra5
Ne6 40. Rxa7+ Kf6 41. Ra6 g5 42. fxg5+ Rxg5 43. Nf3 Rd5 44. Rb6 Kf5 45. b4 Nf4
46. a5 Ke4 47. a6 Ne2 48. Re6+ Kxf3 49. Rxe2 Rb5 50. c3 Rg5 51. Ra2 Rg1+ 52. Kb2
Rg2+ 53. Kb3 Rg8 54. a7 Ra8 55. b5 1-0

[Event "Chigorin Memorial 2019"]
[Site "St Petersburg RUS"]
[Date "2019.10.05"]
[Round "1.80"]
[White "Schetchikov, Vladimir"]
[Black "Postnikov, Artem"]
[Result "0-1"]
[WhiteTitle "FM"]
[BlackTitle "FM"]
[WhiteElo "1834"]
[BlackElo "2297"]
[WhiteFideId "4131193"]
[BlackFideId "34153575"]
[EventDate "2019.10.05"]

1. d4 f5 2. c4 Nf6 3. Nc3 g6 4. g3 Bg7 5. Bg2 O-O 6. h4 d6 7. Nh3 c6 8. Bg5 e5
9. d5 c5 10. h5 gxh5 11. Qd2 a6 12. Bh6 Bxh6 13. Qxh6 Qe8 14. Qd2 b5 15. b3 Ra7
16. Ng5 Rg7 17. Ne6 Bxe6 18. dxe6 Qxe6 19. cxb5 axb5 20. Nxb5 d5 21. a4 e4 22.
Rc1 Na6 23. e3 Ng4 24. Bf1 Ne5 25. Be2 Nb4 26. Rc3 Nbd3+ 27. Kf1 Rd8 28. Rxh5 d4
29. exd4 cxd4 30. Rc7 Qf6 31. Rxg7+ Kxg7 32. Qg5+ Qxg5 33. Rxg5+ Kf6 34. Rh5 Kg6
35. Rh4 Nc5 36. Bh5+ Kg7 37. Bd1 Ned3 38. f3 Nb2 39. fxe4 Nxd1 40. exf5 Ne3+ 41.
Kf2 Nxf5 42. Rg4+ Kf6 43. Rf4 0-1

[Event "Chigorin Memorial 2019"]
[Site "St Petersburg RUS"]
[Date "2019.10.05"]
[Round "1.81"]
[White "Stukan, Martin"]
[Black "Zelenskaya, Anastasiya"]
[Result "1-0"]
[WhiteTitle "FM"]
[WhiteElo "2295"]
[BlackElo "1826"]
[WhiteFideId "34171980"]
[BlackFideId "54112540"]
[EventDate "2019.10.05"]

1. e4 c5 2. Nf3 e6 3. d4 cxd4 4. Nxd4 a6 5. Bd3 Qc7 6. O-O Nf6 7. Qe2 d6 8. c4
g6 9. Nc3 Bg7 10. Nf3 O-O 11. Bg5 Nbd7 12. h3 b6 13. Rac1 Bb7 14. Rfd1 Rac8 15.
b3 Nc5 16. Bb1 Rfd8 17. Qe3 e5 18. b4 Ncd7 19. Bd3 Kh8 20. Nd5 Bxd5 21. cxd5 Qb7
22. Nd2 Rxc1 23. Rxc1 Rc8 24. Nc4 Bf8 25. Rc2 Ne8 26. Qc1 Rb8 27. Nd2 a5 28. a3
axb4 29. axb4 Ra8 30. Bb5 Qa7 31. Rc8 Ndf6 32. Qc6 Rxc8 33. Qxc8 Qe7 34. Bxe8
Qxe8 35. Bxf6+ 1-0

[Event "Chigorin Memorial 2019"]
[Site "St Petersburg RUS"]
[Date "2019.10.05"]
[Round "1.82"]
[White "Golovchenko, Bogdan"]
[Black "Yeritsyan, Hayk"]
[Result "0-1"]
[WhiteElo "1824"]
[BlackElo "2292"]
[WhiteFideId "54198607"]
[BlackFideId "13307320"]
[EventDate "2019.10.05"]

1. d4 Nf6 2. Bf4 d5 3. e3 c5 4. c3 Nc6 5. Nd2 e6 6. Ngf3 cxd4 7. exd4 Nh5 8. Bg3
Bd6 9. Bd3 Nf4 10. Bxf4 Bxf4 11. g3 Bd6 12. Qe2 Bd7 13. Ne5 Nxe5 14. dxe5 Be7
15. f4 Qb6 16. Nf3 a5 17. g4 h5 18. gxh5 Rxh5 19. O-O-O g6 20. Rhg1 O-O-O 21.
Ng5 Bxg5 22. fxg5 Rdh8 23. Rg2 Rh3 24. Rf1 Qe3+ 25. Qxe3 Rxe3 26. Bc2 Be8 27.
Kd2 Rxe5 28. Rf3 Rh5 29. Rfg3 Kd8 30. b3 Ke7 31. a4 Bc6 32. h3 Rh4 33. Rf2 d4
34. c4 Rh5 35. Rg4 Rexg5 36. Rxd4 Rxh3 37. Rdf4 f5 38. Re2 Rg2 39. Rxg2 Bxg2 40.
c5 g5 41. Rd4 Bc6 42. Bd3 g4 43. Rd6 g3 44. Bc4 g2 45. Rxe6+ Kd8 46. Rg6 Rh1 47.
Rg8+ Ke7 48. Rg7+ Kf6 0-1

[Event "Chigorin Memorial 2019"]
[Site "St Petersburg RUS"]
[Date "2019.10.05"]
[Round "1.83"]
[White "Al Hosani, Omran"]
[Black "Kudin, Alexander"]
[Result "1-0"]
[WhiteTitle "FM"]
[WhiteElo "2289"]
[BlackElo "1824"]
[WhiteFideId "9308733"]
[BlackFideId "24248550"]
[EventDate "2019.10.05"]

1. d4 d5 2. c4 e6 3. Nc3 Nf6 4. cxd5 exd5 5. Bg5 Be7 6. e3 Nbd7 7. Bd3 h6 8. Bh4
b6 9. Nge2 Bb7 10. O-O O-O 11. Rc1 Nh5 12. Bxe7 Qxe7 13. Qa4 a6 14. Bf5 b5 15.
Qb3 Nb6 16. Qc2 g6 17. Bg4 Ng7 18. Nb1 c6 19. Nf4 h5 20. Be2 Rfc8 21. Nd2 Nd7
22. Nb3 Ne6 23. Na5 Nxf4 24. exf4 Ra7 25. f5 Kg7 26. fxg6 fxg6 27. Bd3 Qf6 28.
Rfe1 c5 29. Nxb7 Rxb7 30. Bxg6 Rbc7 31. Be8 Nf8 32. Qb3 Qg5 33. h4 Qf4 34. Rc3
Qxd4 35. Rg3+ Kh8 36. Qf3 Nh7 37. Qxh5 Rd8 38. Bg6 Rf8 39. Rf3 Rg8 40. Bf7 Rf8
41. Bxd5 Rd8 42. Re8+ Rxe8 43. Qxe8+ Kg7 44. Rg3+ Kf6 45. Qe6# 1-0

[Event "Chigorin Memorial 2019"]
[Site "St Petersburg RUS"]
[Date "2019.10.05"]
[Round "1.84"]
[White "Shilo, Kirill"]
[Black "Rudenko, Naum"]
[Result "0-1"]
[BlackTitle "FM"]
[WhiteElo "1824"]
[BlackElo "2286"]
[WhiteFideId "34157082"]
[BlackFideId "34146072"]
[EventDate "2019.10.05"]

1. e4 e6 2. d4 d5 3. Nd2 Nc6 4. Ngf3 Nf6 5. e5 Nd7 6. Be2 f6 7. exf6 Qxf6 8. Nf1
Bd6 9. Ne3 O-O 10. O-O Nb6 11. c4 dxc4 12. Nxc4 Nxc4 13. Bxc4 Kh8 14. Bb5 Bd7
15. Be3 a6 16. Ba4 Be8 17. Nd2 Nb4 18. Bxe8 Raxe8 19. Qh5 Qf5 20. Qxf5 exf5 21.
Nc4 Nd5 22. Bd2 Re4 23. Bc3 Rfe8 24. f3 Re2 25. Nxd6 cxd6 26. Rf2 Nf4 27. Rxe2
Rxe2 28. g3 Nh3+ 29. Kh1 Rf2 30. Re1 g5 31. g4 Rxf3 32. gxf5 Rxf5 33. Re7 h5 34.
Rxb7 g4 35. Kg2 Rf3 36. Rc7 Nf4+ 37. Kg1 h4 38. d5+ Kg8 39. Rg7+ Kf8 40. Rxg4 h3
41. Bd4 Ne2+ 42. Kh1 Nxd4 0-1

[Event "Chigorin Memorial 2019"]
[Site "St Petersburg RUS"]
[Date "2019.10.05"]
[Round "1.85"]
[White "Gitelson, Arkady"]
[Black "Nikitin, Vladimir"]
[Result "1-0"]
[WhiteElo "2282"]
[BlackElo "1821"]
[WhiteFideId "34101257"]
[BlackFideId "24184187"]
[EventDate "2019.10.05"]

1. Nf3 Nf6 2. g3 g6 3. Bg2 Bg7 4. O-O O-O 5. d4 d6 6. a4 a5 7. Nc3 Na6 8. e4 c6
9. h3 Qb6 10. b3 Nb4 11. Be3 Nh5 12. g4 Nf6 13. Nd2 Nd7 14. Ne2 Qc7 15. c3 Na6
16. f4 b5 17. f5 b4 18. Rc1 Bb7 19. Nc4 d5 20. Bf4 Qd8 21. exd5 cxd5 22. Ne3
bxc3 23. Nxc3 Nf6 24. Be5 Bh6 25. Qe1 Nb4 26. Rd1 Ba6 27. Nb5 Rc8 28. Qg3 Bxb5
29. axb5 Bg7 30. g5 Nh5 31. Qh2 f6 32. gxf6 exf6 33. Bd6 Re8 34. Nxd5 Rc2 35.
Nxb4 axb4 36. Bd5+ Kh8 37. Qxc2 Qxd6 38. Be6 Bh6 39. Rf3 gxf5 40. Bf7 Be3+ 41.
Kf1 Ng3+ 42. Kg2 Rf8 43. Rxe3 Ne4 44. Bc4 Qf4 45. Rf3 Qg5+ 46. Kh2 Qh5 47. Qg2
Ng5 48. Rff1 f4 49. Qg4 Qh6 50. Rde1 Ra8 51. Rf2 Rd8 52. b6 1-0

[Event "Chigorin Memorial 2019"]
[Site "St Petersburg RUS"]
[Date "2019.10.05"]
[Round "1.86"]
[White "Shemyakinskiy, Nikita"]
[Black "Salman, Pavel"]
[Result "0-1"]
[BlackTitle "FM"]
[WhiteElo "1816"]
[BlackElo "2282"]
[WhiteFideId "44170025"]
[BlackFideId "24153753"]
[EventDate "2019.10.05"]

1. e4 c5 2. Nf3 e6 3. d4 cxd4 4. Nxd4 a6 5. c4 Nf6 6. Nc3 Qc7 7. a3 b6 8. Be2
Bb7 9. f3 Be7 10. O-O d6 11. Be3 Nbd7 12. Qd2 O-O 13. Rfc1 Rfc8 14. b4 Ne5 15.
Na4 Nfd7 16. f4 Nc6 17. Nxc6 Bxc6 18. Nc3 Qb8 19. Rd1 b5 20. cxb5 axb5 21. a4
bxa4 22. b5 Bb7 23. e5 a3 24. exd6 Bf6 25. Rdc1 Bxc3 26. Rxc3 Rxc3 27. Qxc3 Qxd6
28. Rd1 Bd5 29. Bf3 a2 30. Kf2 Nf6 31. b6 Bxf3 32. gxf3 Qxd1 33. b7 a1=Q 34.
Qc8+ Qd8 35. bxa8=R Qxa8 36. Qxa8 Qxa8 0-1

[Event "Chigorin Memorial 2019"]
[Site "St Petersburg RUS"]
[Date "2019.10.05"]
[Round "1.87"]
[White "Khakimov, Timur"]
[Black "Shojhet, Sofiy"]
[Result "1-0"]
[WhiteTitle "IM"]
[WhiteElo "2278"]
[BlackElo "1813"]
[WhiteFideId "4169115"]
[BlackFideId "24172405"]
[EventDate "2019.10.05"]

1. Nf3 f5 2. d3 Nf6 3. Bg5 e6 4. e4 fxe4 5. dxe4 Be7 6. Bd3 O-O 7. Qe2 Nc6 8.
Bxf6 Bxf6 9. e5 Be7 10. Qe4 g6 11. h4 Qe8 12. h5 Kg7 13. Qe3 gxh5 14. Ng5 h6 15.
Nh7 Rg8 16. Rh3 1-0

[Event "Chigorin Memorial 2019"]
[Site "St Petersburg RUS"]
[Date "2019.10.05"]
[Round "1.88"]
[White "Mekanova, Annagozel"]
[Black "Sichinava, Zviad"]
[Result "0-1"]
[WhiteTitle "WFM"]
[WhiteElo "1809"]
[BlackElo "2278"]
[WhiteFideId "14003902"]
[BlackFideId "24111716"]
[EventDate "2019.10.05"]

1. e4 d6 2. d4 Nf6 3. Nc3 g6 4. h3 Bg7 5. Nf3 O-O 6. Be2 a6 7. a4 Nc6 8. Be3 Nd7
9. Qd2 e5 10. d5 Ne7 11. Bh6 f5 12. Bxg7 Kxg7 13. h4 h6 14. exf5 gxf5 15. O-O-O
b5 16. Rdg1 b4 17. Nd1 Nf6 18. g4 f4 19. h5 Kh8 20. g5 hxg5 21. Nxg5 Nexd5 22.
Bf3 c6 23. Qd3 Ne7 24. Qf1 d5 25. Qg2 Nf5 26. h6 Qe7 27. Bh5 Nxh5 28. Rxh5 Ng3
29. fxg3 Bg4 30. Nf7+ Rxf7 31. Rhh1 Bxd1 32. gxf4 exf4 33. Kxd1 f3 34. Qf2 Qf6
35. Kc1 Re8 36. Kb1 b3 37. h7 bxc2+ 38. Ka2 Qf4 39. Rh4 c1=Q 40. Rxc1 Qxc1 41.
Qd4+ Rg7 42. Qf6 Qg5 0-1

[Event "Chigorin Memorial 2019"]
[Site "St Petersburg RUS"]
[Date "2019.10.05"]
[Round "1.89"]
[White "Yandarbiev, Ruslan"]
[Black "Kuzmichev, Danil"]
[Result "1-0"]
[WhiteTitle "IM"]
[WhiteElo "2278"]
[BlackElo "1808"]
[WhiteFideId "4115023"]
[BlackFideId "54174511"]
[EventDate "2019.10.05"]

1. e4 c5 2. Nf3 d6 3. d4 cxd4 4. Nxd4 Nf6 5. Nc3 g6 6. Be2 Bg7 7. O-O O-O 8. Bg5
Nc6 9. Nb3 Be6 10. f4 Rc8 11. Kh1 Na5 12. e5 Nxb3 13. axb3 dxe5 14. fxe5 Nd7 15.
Rxa7 Qb6 16. Ra1 Qc5 17. Bf3 Nxe5 18. Bxb7 Rcd8 19. Qe2 Ng4 20. Bf4 g5 21. Ne4
Qb6 22. Nxg5 Qxb7 23. Nxe6 fxe6 24. Qxg4 Rf6 25. Be3 Rdf8 26. Rxf6 Rxf6 27. Rd1
Qb5 28. Bg1 Rg6 29. Qf3 Bf6 30. h3 Rg5 31. Bd4 Rf5 32. Qg4+ Kf7 33. Bxf6 Rf1+
34. Rxf1 Qxf1+ 35. Kh2 exf6 36. Qe4 f5 37. Qe5 Qf2 38. Qc7+ Kf6 39. b4 f4 40.
Qc3+ e5 41. b5 Kf5 42. Qd3+ Kg5 43. Qe4 Kf6 44. b4 Qg3+ 45. Kg1 Qa3 46. b6 Qa1+
47. Kh2 Qa6 48. b7 Qb6 49. c3 h6 50. Qh7 Qf2 51. Qxh6+ Kf7 52. Qh5+ Kf6 53. Qf3
Qb6 54. Qe4 Qb5 55. h4 Qb6 56. h5 Qb5 57. Qg6+ Ke7 58. Qg7+ Kd6 59. Qf8+ 1-0

[Event "Chigorin Memorial 2019"]
[Site "St Petersburg RUS"]
[Date "2019.10.05"]
[Round "1.90"]
[White "Sladkov, Andrey"]
[Black "Ter-Saakian, Grigorii"]
[Result "0-1"]
[BlackTitle "FM"]
[WhiteElo "1806"]
[BlackElo "2277"]
[WhiteFideId "24160350"]
[BlackFideId "34136204"]
[EventDate "2019.10.05"]

1. e4 d5 2. exd5 Qxd5 3. Nf3 Nf6 4. Nc3 Qd6 5. d4 c6 6. Bd3 Bg4 7. h3 Bh5 8. Be3
e6 9. Be2 Nbd7 10. Qd2 Qc7 11. Nh4 Bxe2 12. Nxe2 O-O-O 13. O-O-O Nb6 14. Qa5
Nfd5 15. Nc3 Nxc3 16. Qxc3 Rd5 17. f4 Rb5 18. Qd3 Na4 19. c4 Nxb2 20. cxb5 Nxd3+
21. Rxd3 Bd6 22. g3 Kb8 23. bxc6 Qxc6+ 0-1

[Event "Chigorin Memorial 2019"]
[Site "St Petersburg RUS"]
[Date "2019.10.05"]
[Round "1.91"]
[White "Gomes, Mary Ann"]
[Black "Bulsoev, Alexander"]
[Result "1-0"]
[WhiteTitle "WGM"]
[WhiteElo "2268"]
[BlackElo "1802"]
[WhiteFideId "5013623"]
[BlackFideId "44122276"]
[EventDate "2019.10.05"]

1. Nf3 d5 2. c4 c6 3. g3 Bf5 4. Bg2 Nf6 5. b3 e6 6. Bb2 Nbd7 7. O-O Bd6 8. d3
O-O 9. Nbd2 Qe7 10. Qc2 e5 11. e4 dxe4 12. dxe4 Bg6 13. Nh4 Rfd8 14. Rad1 Bc5
15. Nxg6 hxg6 16. Nf3 Ne8 17. Bh3 f6 18. Bc3 Nf8 19. b4 Bxb4 20. Bxb4 Qxb4 21.
c5 b6 22. cxb6 axb6 23. Qxc6 Qc5 24. Qxc5 bxc5 25. Rxd8 Rxd8 26. Rc1 Ra8 27. Bf1
Ra5 28. Bc4+ Kh7 29. Rd1 Ra8 30. h4 Kh6 31. g4 Kh7 32. g5 Ra4 33. Bb3 Ra8 34.
Nh2 Nc7 35. Ng4 Ra6 36. Rd8 Nfe6 37. Rd7 fxg5 38. hxg5 Ne8 39. Re7 N6c7 40. Nf6+
Nxf6 41. gxf6 Nb5 42. fxg7 1-0

[Event "Chigorin Memorial 2019"]
[Site "St Petersburg RUS"]
[Date "2019.10.05"]
[Round "1.92"]
[White "Paltusov, Sergei"]
[Black "Bimiev, Ahmad"]
[Result "0-1"]
[WhiteElo "1798"]
[BlackElo "2266"]
[WhiteFideId "24128147"]
[BlackFideId "24102938"]
[EventDate "2019.10.05"]

1. e4 e5 2. Nf3 Nc6 3. Bb5 a6 4. Ba4 Nf6 5. O-O Be7 6. Re1 b5 7. Bb3 d6 8. c3
O-O 9. d4 Bg4 10. d5 Na5 11. Nbd2 c6 12. dxc6 Nxb3 13. axb3 Qc7 14. Nf1 Qxc6 15.
Ng3 h6 16. h3 Be6 17. Nh2 Nd7 18. b4 Rfd8 19. Ng4 d5 20. Ne3 dxe4 21. Nef5 Bf8
22. Qh5 Bxf5 23. Qxf5 Nf6 24. Be3 g6 25. Qxe5 Rd5 0-1

[Event "Chigorin Memorial 2019"]
[Site "St Petersburg RUS"]
[Date "2019.10.05"]
[Round "1.93"]
[White "Saidov, Bilukhadzh"]
[Black "Akhmedov, David"]
[Result "1-0"]
[WhiteTitle "FM"]
[WhiteElo "2260"]
[BlackElo "1785"]
[WhiteFideId "34165476"]
[BlackFideId "34220194"]
[EventDate "2019.10.05"]

1. d4 Nf6 2. c4 g6 3. Nc3 Bg7 4. e4 O-O 5. f3 d6 6. Be3 Nbd7 7. Nh3 e5 8. Nf2
Nh5 9. dxe5 dxe5 10. Qd2 Nf4 11. O-O-O c6 12. h4 Qe7 13. Nd3 Ne6 14. h5 Rd8 15.
Bh6 Bh8 16. hxg6 fxg6 17. Qe3 a6 18. g3 b5 19. Bh3 bxc4 20. Bxe6+ Qxe6 21. Nc5
Qf7 22. Rd6 Re8 23. Rhd1 Nb8 24. Qg5 Ra7 25. f4 Qe7 26. Rd8 Kf7 27. Rxe8 Kxe8
28. Qxe7+ Kxe7 29. Bg5+ Bf6 30. Bxf6+ Kxf6 31. Rd8 Rc7 32. N3a4 exf4 33. gxf4
Ke7 34. Rh8 Kd6 35. Kd2 a5 36. Kc3 Na6 37. Kd4 Nxc5 38. Nxc5 h5 39. Re8 h4 40.
e5# 1-0